Tömörkény-emlékbizottság alakult
Elmentve itt :
| Szerző: | |
|---|---|
| Dokumentumtípus: | Cikk |
| Megjelent: |
1965-12-22
|
| Sorozat: | Délmagyarország
55 No. 301 |
| Kulcsszavak: | Tömörkény István, Irodalmi élet emlékév Szeged 1965, Tudományos közéleti tevékenység |
| Online Access: | http://dmarchiv.bibl.u-szeged.hu/55594 |
| LEADER | 00545nab a2200157 i 4500 | ||
|---|---|---|---|
| 001 | delm55594 | ||
| 005 | 20180927141849.0 | ||
| 008 | 180927s1965 hu o 0|| hun d | ||
| 040 | |a SZTE Délmagyarország Archívum |b hun | ||
| 041 | |a hun | ||
| 100 | 1 | |a Madácsy László | |
| 245 | 1 | 0 | |a Tömörkény-emlékbizottság alakult |h [elektronikus dokumentum] / |c Madácsy László |
| 260 | |c 1965-12-22 | ||
| 300 | |a 5 | ||
| 490 | 0 | |a Délmagyarország |v 55 No. 301 | |
| 695 | |a Tömörkény István, Irodalmi élet emlékév Szeged 1965, Tudományos közéleti tevékenység | ||